000 00683nab a2200193 4500
001 244442
003 OSt
005 20260413133813.0
007 tu
008 260413s2020|||||||
040 _aDE-2950
_cDE-2950
245 0 0 _aErster Spatenstich am 16. April
_bProjekt. Die Katholische Kirche errichtet für die Kita Heilig Kreuz in Frankfurt einen millionenschweren Neubau am Maximilian-Kolbe-Haus, das zugleich aus- und umgebaut wird/
_cInes Weber Rath
264 _c2026
653 _aFrankfurt (Oder)
653 _aKatholische Kirche
653 _aKita-Neubau
773 0 _g37. Jahrgang (2026) Nr. 83 vom 10.04.2026 , S. 15 mit Foto
_tMärkische Oderzeitung
942 _2z
_cA
999 _c374373
_d374373